[Event "Bundesliga 9798"]
[Site "Deutschland"]
[Date "1997.??.??"]
[Round "?.2"]
[White "Jussupow, Artur"]
[Black "Kindermann, Stefan"]
[Result "1-0"]
[WhiteElo "2640"]
[BlackElo "2570"]
[PlyCount "69"]
[EventDate "1997.10.??"]
[EventType "team"]
[EventRounds "15"]
[EventCountry "GER"]
[SourceTitle "Bundesliga 9798"]
[Source "DeepChess"]
[SourceDate "2005.01.01"]
[SourceVersion "1"]
[SourceVersionDate "2005.01.01"]
[SourceQuality "1"]
[WhiteTeam "SG 1868 Aljech. Solingen"]
[BlackTeam "SAbt SV Werder Bremen"]
[WhiteTeamCountry "GER"]
[BlackTeamCountry "GER"]

1. d4 Nf6 2. Nf3 g6 3. Bg5 Bg7 4. c3 O-O 5. Nbd2 d6 6. e4 Nbd7 7. Bd3 e5 8. O-O
h6 9. Bh4 Qe8 10. Re1 Nh5 11. a4 Nf4 12. Bf1 f5 13. exf5 gxf5 14. dxe5 dxe5 15.
Bg3 Ng6 16. Nxe5 Ndxe5 17. Bxe5 Bxe5 18. Nc4 Bxh2+ 19. Kxh2 Qf7 20. Ne5 Nxe5
21. Rxe5 Qf6 22. Qd5+ Kh8 23. Rae1 Qd6 24. Qxd6 cxd6 25. Re7 f4 26. Bd3 Bf5 27.
Bxf5 Rxf5 28. Rxb7 f3 29. g4 Rg5 30. Kg3 h5 31. Re4 Rag8 32. Rxa7 Rxg4+ 33.
Rxg4 Rxg4+ 34. Kxf3 Rg5 35. Rf7 1-0

[Event "Bundesliga 9798"]
[Site "Deutschland"]
[Date "1997.??.??"]
[Round "?.3"]
[White "Knaak, Rainer"]
[Black "Piket, Jeroen"]
[Result "1/2-1/2"]
[WhiteElo "2555"]
[BlackElo "2630"]
[PlyCount "90"]
[EventDate "1997.10.??"]
[EventType "team"]
[EventRounds "15"]
[EventCountry "GER"]
[SourceTitle "Bundesliga 9798"]
[Source "DeepChess"]
[SourceDate "2005.01.01"]
[SourceVersion "1"]
[SourceVersionDate "2005.01.01"]
[SourceQuality "1"]
[WhiteTeam "SAbt SV Werder Bremen"]
[BlackTeam "SG 1868 Aljech. Solingen"]
[WhiteTeamCountry "GER"]
[BlackTeamCountry "GER"]

1. d4 Nf6 2. c4 e6 3. Nc3 Bb4 4. e3 c5 5. Nge2 cxd4 6. exd4 O-O 7. a3 Be7 8. d5
exd5 9. cxd5 Bc5 10. b4 Bd6 11. Bb2 Be5 12. Ng3 a5 13. b5 d6 14. Be2 Nbd7 15.
O-O Nc5 16. f4 Bxc3 17. Bxc3 a4 18. f5 Bd7 19. Rb1 Re8 20. Rb4 Nb3 21. Kh1 Re3
22. Rf3 Qe7 23. Bxf6 gxf6 24. Rff4 Nc5 25. Bf1 Qe5 26. Qh5 Kf8 27. Qxh7 Ke7 28.
Qg7 Re8 29. h4 Kd8 30. h5 Rxa3 31. h6 Rxg3 32. Qxg3 Bxf5 33. b6 Bg6 34. Qh4 Ke7
35. Rf3 Rh8 36. Qh3 Qg5 37. Re3+ Kd8 38. Rh4 f5 39. Rf3 Ne4 40. Kg1 Qd2 41.
Rxe4 fxe4 42. Qh4+ Kc8 43. Qf6 exf3 44. Qxh8+ Kd7 45. gxf3 Qg5+ 1/2-1/2

[Event "Bundesliga 9798"]
[Site "Deutschland"]
[Date "1997.??.??"]
[Round "?.4"]
[White "Gabriel, Christian"]
[Black "Babula, Vlastimil"]
[Result "1/2-1/2"]
[WhiteElo "2575"]
[BlackElo "2545"]
[PlyCount "61"]
[EventDate "1997.10.??"]
[EventType "team"]
[EventRounds "15"]
[EventCountry "GER"]
[SourceTitle "Bundesliga 9798"]
[Source "DeepChess"]
[SourceDate "2005.01.01"]
[SourceVersion "1"]
[SourceVersionDate "2005.01.01"]
[SourceQuality "1"]
[WhiteTeam "SG 1868 Aljech. Solingen"]
[BlackTeam "SAbt SV Werder Bremen"]
[WhiteTeamCountry "GER"]
[BlackTeamCountry "GER"]

1. d4 Nf6 2. c4 g6 3. Nc3 Bg7 4. e4 d6 5. Nf3 O-O 6. Be2 e5 7. d5 a5 8. h3 Na6
9. Bg5 Nc5 10. Nd2 c6 11. O-O a4 12. b4 axb3 13. axb3 Rxa1 14. Qxa1 Na6 15. Qa3
c5 16. Na2 h6 17. Be3 Nd7 18. b4 f5 19. exf5 gxf5 20. f4 cxb4 21. Nxb4 exf4 22.
Rxf4 Nxb4 23. Qxb4 Re8 24. Nf1 Nc5 25. Qe1 Be5 26. Rf3 Qf6 27. Ng3 Qh4 28. Qf2
Ne4 29. Nxe4 Qxe4 30. Qf1 Bd4 31. Bxd4 1/2-1/2

[Event "Bundesliga 9798"]
[Site "Deutschland"]
[Date "1997.??.??"]
[Round "?.5"]
[White "Meins, Gerlef"]
[Black "Huebner, Robert"]
[Result "0-1"]
[WhiteElo "2460"]
[BlackElo "2580"]
[PlyCount "79"]
[EventDate "1997.10.??"]
[EventType "team"]
[EventRounds "15"]
[EventCountry "GER"]
[SourceTitle "Bundesliga 9798"]
[Source "DeepChess"]
[SourceDate "2005.01.01"]
[SourceVersion "1"]
[SourceVersionDate "2005.01.01"]
[SourceQuality "1"]
[WhiteTeam "SAbt SV Werder Bremen"]
[BlackTeam "SG 1868 Aljech. Solingen"]
[WhiteTeamCountry "GER"]
[BlackTeamCountry "GER"]

1. d4 Nf6 2. Nf3 e6 3. g3 c5 4. Bg2 Nc6 5. O-O cxd4 6. Nxd4 Qb6 7. Nb3 d5 8. c3
Be7 9. N1d2 e5 10. e4 Be6 11. exd5 Nxd5 12. Nc4 Qb5 13. Ne3 Nxe3 14. Bxe3 O-O
15. Re1 Rfd8 16. Bf1 Qa4 17. Nd2 Qxd1 18. Rexd1 f5 19. Bc4 Kf7 20. Kf1 h5 21.
Bxe6+ Kxe6 22. Nf3 e4 23. Nd4+ Nxd4 24. Bxd4 g5 25. Ke2 f4 26. gxf4 gxf4 27.
Rg1 Rg8 28. f3 e3 29. Kd3 Bh4 30. a4 Kf5 31. a5 a6 32. b4 Bf2 33. Rxg8 Rxg8 34.
b5 Rg2 35. bxa6 bxa6 36. c4 Bh4 37. Bc3 Bf6 38. Bxf6 Rd2+ 39. Kc3 Kxf6 40. Re1
0-1

[Event "Bundesliga 9798"]
[Site "Deutschland"]
[Date "1997.??.??"]
[Round "?.8"]
[White "Schaefer, Markus"]
[Black "Meyer, Claus Dieter"]
[Result "1/2-1/2"]
[WhiteElo "2420"]
[BlackElo "2335"]
[PlyCount "105"]
[EventDate "1997.10.??"]
[EventType "team"]
[EventRounds "15"]
[EventCountry "GER"]
[SourceTitle "Bundesliga 9798"]
[Source "DeepChess"]
[SourceDate "2005.01.01"]
[SourceVersion "1"]
[SourceVersionDate "2005.01.01"]
[SourceQuality "1"]
[WhiteTeam "SG 1868 Aljech. Solingen"]
[BlackTeam "SAbt SV Werder Bremen"]
[WhiteTeamCountry "GER"]
[BlackTeamCountry "GER"]

1. e4 c5 2. Nf3 d6 3. d4 cxd4 4. Nxd4 Nf6 5. Nc3 e6 6. Bc4 Be7 7. O-O O-O 8.
Qe2 Nc6 9. Be3 a6 10. a4 Qc7 11. Rad1 Bd7 12. Ba2 Rac8 13. Kh1 Nxd4 14. Rxd4 b5
15. axb5 axb5 16. Bb3 Qb7 17. Rfd1 Rxc3 18. bxc3 Nxe4 19. Qe1 Bc6 20. f3 Nf6
21. Qg3 d5 22. Bg5 Nh5 23. Qh4 Bxg5 24. Qxg5 Nf6 25. Re1 Ra8 26. Rdd1 h6 27.
Qe5 Rc8 28. Ra1 Qc7 29. Qd4 Bd7 30. Re3 Qc6 31. Qa7 Qc5 32. Qxc5 Rxc5 33. Ra8+
Kh7 34. Kg1 Kg6 35. Kf2 h5 36. Ke1 Rc7 37. Kd2 Kh7 38. Re5 g6 39. Re1 Bc6 40.
Ra5 Kg7 41. Rea1 Kf8 42. Ra7 Rc8 43. Kd3 Nd7 44. Kd4 Ke7 45. Rd1 Kd6 46. Rd2 g5
47. Ke3 Ne5 48. f4 gxf4+ 49. Kxf4 Rg8 50. h3 h4 51. Ke3 Rg3+ 52. Kf2 Rg5 53.
Rd4 1/2-1/2

[Event "Bundesliga 9798"]
[Site "Deutschland"]
[Date "1998.??.??"]
[Round "?.1"]
[White "Heissler, Jakob"]
[Black "Bosch, Jeroen"]
[Result "1-0"]
[WhiteElo "2435"]
[BlackElo "2405"]
[PlyCount "85"]
[EventDate "1997.10.??"]
[EventType "team"]
[EventRounds "15"]
[EventCountry "GER"]
[SourceTitle "Bundesliga 9798"]
[Source "DeepChess"]
[SourceDate "2005.01.01"]
[SourceVersion "1"]
[SourceVersionDate "2005.01.01"]
[SourceQuality "1"]
[WhiteTeam "SAbt SV Werder Bremen"]
[BlackTeam "SG Bochum 31"]
[WhiteTeamCountry "GER"]
[BlackTeamCountry "GER"]

1. e4 c5 2. Nf3 g6 3. d4 cxd4 4. Nxd4 Nc6 5. c4 Nf6 6. Nc3 d6 7. Be2 Bg7 8. Be3
O-O 9. O-O Bd7 10. Qd2 Nxd4 11. Bxd4 Bc6 12. f3 Nd7 13. Be3 a5 14. Rfd1 Nc5 15.
Rab1 a4 16. Qc2 Qa5 17. Nd5 Rfe8 18. Bd2 Qa7 19. Be3 b6 20. Bf1 Qb7 21. Qf2 Qb8
22. Nb4 Bb7 23. Nd5 Bc6 24. Nb4 Bb7 25. Nc2 Rd8 26. Nd4 Rd7 27. b4 axb3 28.
axb3 e6 29. b4 Na4 30. Rdc1 Be5 31. g3 Qf8 32. f4 Bf6 33. Bg2 Qg7 34. Nb5 Rb8
35. f5 exf5 36. exf5 Bxg2 37. Kxg2 d5 38. c5 bxc5 39. bxc5 Rc8 40. c6 Rdd8 41.
c7 Rd7 42. Na7 Rcxc7 43. Rxc7 1-0

[Event "Bundesliga 9798"]
[Site "Deutschland"]
[Date "1998.??.??"]
[Round "?.2"]
[White "Kindermann, Stefan"]
[Black "Krasenkow, Michal"]
[Result "1/2-1/2"]
[WhiteElo "2570"]
[BlackElo "2645"]
[PlyCount "66"]
[EventDate "1997.10.??"]
[EventType "team"]
[EventRounds "15"]
[EventCountry "GER"]
[SourceTitle "Bundesliga 9798"]
[Source "DeepChess"]
[SourceDate "2005.01.01"]
[SourceVersion "1"]
[SourceVersionDate "2005.01.01"]
[SourceQuality "1"]
[WhiteTeam "SAbt SV Werder Bremen"]
[BlackTeam "SG Bochum 31"]
[WhiteTeamCountry "GER"]
[BlackTeamCountry "GER"]

1. e4 c5 2. Nf3 Nc6 3. d4 cxd4 4. Nxd4 Nf6 5. Nc3 e5 6. Ndb5 d6 7. Bg5 a6 8.
Na3 b5 9. Bxf6 gxf6 10. Nd5 f5 11. c3 Bg7 12. exf5 Bxf5 13. Nc2 Be6 14. g3 O-O
15. Bg2 a5 16. O-O f5 17. Qh5 b4 18. Nce3 Kh8 19. Rad1 bxc3 20. bxc3 Rb8 21. g4
Bf7 22. Qh3 fxg4 23. Qxg4 Bg6 24. Be4 Bxe4 25. Qxe4 Rb2 26. Nf5 Qd7 27. Nde3
Rf6 28. Rxd6 Rxd6 29. Nxd6 Bf8 30. Nec4 Rxa2 31. Qd5 Bxd6 32. Nxd6 Rd2 33. Qxd2
Qg4+ 1/2-1/2

[Event "Bundesliga 9798"]
[Site "Deutschland"]
[Date "1998.??.??"]
[Round "?.3"]
[White "Keitlinghaus, Ludger"]
[Black "Knaak, Rainer"]
[Result "0-1"]
[WhiteElo "2525"]
[BlackElo "2555"]
[PlyCount "50"]
[EventDate "1997.10.??"]
[EventType "team"]
[EventRounds "15"]
[EventCountry "GER"]
[SourceTitle "Bundesliga 9798"]
[Source "DeepChess"]
[SourceDate "2005.01.01"]
[SourceVersion "1"]
[SourceVersionDate "2005.01.01"]
[SourceQuality "1"]
[WhiteTeam "SG Bochum 31"]
[BlackTeam "SAbt SV Werder Bremen"]
[WhiteTeamCountry "GER"]
[BlackTeamCountry "GER"]

1. e4 e6 2. d4 d5 3. Nc3 Nf6 4. Bg5 dxe4 5. Nxe4 Be7 6. Bxf6 gxf6 7. Nf3 b6 8.
Bd3 Bb7 9. Qe2 c6 10. O-O Qc7 11. c4 Nd7 12. a4 a5 13. Rac1 O-O-O 14. c5 bxc5
15. dxc5 Ne5 16. Nd6+ Bxd6 17. cxd6 Qxd6 18. Nxe5 Qxe5 19. Be4 Rd6 20. Qf3 Kc7
21. Rfe1 Rhd8 22. Bxh7 Qd4 23. Qh5 Rd5 24. Qxf7+ R8d7 25. Qg6 Qh4 0-1

[Event "Bundesliga 9798"]
[Site "Deutschland"]
[Date "1998.??.??"]
[Round "?.4"]
[White "Babula, Vlastimil"]
[Black "Reschke, Stefan"]
[Result "1-0"]
[WhiteElo "2545"]
[BlackElo "2415"]
[PlyCount "81"]
[EventDate "1997.10.??"]
[EventType "team"]
[EventRounds "15"]
[EventCountry "GER"]
[SourceTitle "Bundesliga 9798"]
[Source "DeepChess"]
[SourceDate "2005.01.01"]
[SourceVersion "1"]
[SourceVersionDate "2005.01.01"]
[SourceQuality "1"]
[WhiteTeam "SAbt SV Werder Bremen"]
[BlackTeam "SG Bochum 31"]
[WhiteTeamCountry "GER"]
[BlackTeamCountry "GER"]

1. d4 Nf6 2. c4 g6 3. Nc3 Bg7 4. e4 d6 5. Nf3 O-O 6. Be2 e5 7. d5 a5 8. Bg5 Na6
9. Nd2 Qe8 10. O-O Bd7 11. Rb1 h5 12. Re1 Nh7 13. Be3 Bf6 14. Bh6 Bg7 15. Be3
Bf6 16. a3 Bg5 17. Bxg5 Nxg5 18. b4 axb4 19. axb4 Qe7 20. Qc1 f5 21. exf5 Bxf5
22. Rb3 Nb8 23. Nf1 Qf6 24. Qe3 Nd7 25. Nd2 Bc2 26. Rb2 Bf5 27. Nb5 e4 28. Rbb1
c6 29. dxc6 bxc6 30. Nd4 Ne5 31. h4 Nh7 32. g3 d5 33. b5 dxc4 34. Nxc4 cxb5 35.
Nxe5 Qxe5 36. Rxb5 Qg7 37. Bc4+ Kh8 38. Be6 Rad8 39. Nxf5 gxf5 40. Bxf5 Rd3 41.
Qxe4 1-0

[Event "Bundesliga 9798"]
[Site "Deutschland"]
[Date "1998.??.??"]
[Round "?.5"]
[White "Schmittdiel, Eckhard"]
[Black "Meins, Gerlef"]
[Result "1/2-1/2"]
[WhiteElo "2450"]
[BlackElo "2460"]
[PlyCount "85"]
[EventDate "1997.10.??"]
[EventType "team"]
[EventRounds "15"]
[EventCountry "GER"]
[SourceTitle "Bundesliga 9798"]
[Source "DeepChess"]
[SourceDate "2005.01.01"]
[SourceVersion "1"]
[SourceVersionDate "2005.01.01"]
[SourceQuality "1"]
[WhiteTeam "SG Bochum 31"]
[BlackTeam "SAbt SV Werder Bremen"]
[WhiteTeamCountry "GER"]
[BlackTeamCountry "GER"]

1. e4 c5 2. c3 d5 3. exd5 Qxd5 4. d4 Nc6 5. dxc5 Qxc5 6. Nf3 Nf6 7. Be3 Qa5 8.
Nbd2 g6 9. Nc4 Qc7 10. Nd4 Bg7 11. Nb5 Qb8 12. Be2 O-O 13. O-O Rd8 14. Qc1 Nd5
15. Rd1 Nxe3 16. Rxd8+ Nxd8 17. Qxe3 Nc6 18. Rd1 Be6 19. b3 a6 20. Nd4 Nxd4 21.
cxd4 Qa7 22. Qe4 Bxc4 23. bxc4 Rd8 24. c5 e6 25. g3 h5 26. h4 Rd7 27. Kg2 Qa8
28. Bf3 Qc8 29. d5 Rxd5 30. Rxd5 exd5 31. Qxd5 Bf8 32. Qxb7 Qxb7 33. Bxb7 Bxc5
34. Bxa6 Ba3 35. f3 f5 36. f4 Kg7 37. Kf3 Kf6 38. Ke2 Bb4 39. a4 Ba5 40. Bb5
Bb4 41. Be8 Ba5 42. Kd1 Bb4 43. Ke2 1/2-1/2

[Event "Bundesliga 9798"]
[Site "Deutschland"]
[Date "1998.??.??"]
[Round "?.6"]
[White "Backwinkel, Paul"]
[Black "Floegel, Ulrich"]
[Result "1/2-1/2"]
[WhiteElo "2395"]
[BlackElo "2365"]
[PlyCount "132"]
[EventDate "1997.10.??"]
[EventType "team"]
[EventRounds "15"]
[EventCountry "GER"]
[SourceTitle "Bundesliga 9798"]
[Source "DeepChess"]
[SourceDate "2005.01.01"]
[SourceVersion "1"]
[SourceVersionDate "2005.01.01"]
[SourceQuality "1"]
[WhiteTeam "SG Bochum 31"]
[BlackTeam "SAbt SV Werder Bremen"]
[WhiteTeamCountry "GER"]
[BlackTeamCountry "GER"]

1. d4 Nf6 2. Nf3 g6 3. Bf4 Bg7 4. e3 d6 5. h3 O-O 6. Be2 Nbd7 7. O-O Qe8 8. Bh2
e5 9. c4 Qe7 10. Nc3 Re8 11. Nb5 e4 12. Nxc7 exf3 13. Bxf3 Nb6 14. Nxe8 Nxe8
15. Qb3 Be6 16. Rfc1 Rc8 17. Qa3 Nxc4 18. Qxa7 d5 19. b3 Nd2 20. Bg4 Bxg4 21.
hxg4 Rd8 22. Rc2 Ne4 23. Rac1 Bh6 24. Bf4 Bxf4 25. exf4 N8d6 26. Qa5 Nf6 27.
Re1 Qd7 28. f3 Nb5 29. Qd2 h5 30. gxh5 Nxh5 31. g4 Ng7 32. a4 Na7 33. b4 Nc8
34. b5 Nd6 35. Qh2 Re8 36. Rxe8+ Qxe8 37. Re2 Qc8 38. f5 Qc1+ 39. Kf2 Nc4 40.
Qb8+ Kh7 41. Qh2+ Kg8 42. fxg6 fxg6 43. Qc7 Kh7 44. Qf7 Nb2 45. Kg3 Qg1+ 46.
Rg2 Qe1+ 47. Kf4 Nd3+ 48. Kg5 Qe3+ 49. Kh4 Ne1 50. Kg3 Nxg2 51. Kxg2 Qd2+ 52.
Kh3 Qxd4 53. Qxb7 Qc4 54. Qf7 Qf1+ 55. Kg3 d4 56. Kf4 d3 57. Kg5 Qc1+ 58. f4
Qc5+ 59. f5 Qe3+ 60. Kf6 Qd4+ 61. Kg5 gxf5 62. Qg6+ Kg8 63. b6 fxg4 64. b7 Qd8+
65. Qf6 Qd5+ 66. Kxg4 Qxb7 1/2-1/2

[Event "Bundesliga 9798"]
[Site "Deutschland"]
[Date "1998.??.??"]
[Round "?.8"]
[White "Meyer, Claus Dieter"]
[Black "Kitte, Sebastian"]
[Result "0-1"]
[WhiteElo "2335"]
[BlackElo "2305"]
[PlyCount "84"]
[EventDate "1997.10.??"]
[EventType "team"]
[EventRounds "15"]
[EventCountry "GER"]
[SourceTitle "Bundesliga 9798"]
[Source "DeepChess"]
[SourceDate "2005.01.01"]
[SourceVersion "1"]
[SourceVersionDate "2005.01.01"]
[SourceQuality "1"]
[WhiteTeam "SAbt SV Werder Bremen"]
[BlackTeam "SG Bochum 31"]
[WhiteTeamCountry "GER"]
[BlackTeamCountry "GER"]

1. e4 c5 2. Nf3 e6 3. d4 cxd4 4. Nxd4 a6 5. Bd3 Bc5 6. Nb3 Ba7 7. O-O Nc6 8.
Nc3 Nf6 9. Qe2 d6 10. Be3 Bxe3 11. Qxe3 O-O 12. Rad1 Qc7 13. Kh1 b5 14. a3 Rd8
15. f4 Bb7 16. f5 Rac8 17. fxe6 fxe6 18. Qh3 Qe7 19. Rde1 Re8 20. Ne2 Ne5 21.
Nd2 Nxd3 22. Qxd3 Nd7 23. Nd4 g6 24. c3 Nc5 25. Qe2 e5 26. N4b3 Ne6 27. Nf3 Rf8
28. Nbd2 Kg7 29. Rd1 Nc5 30. Rde1 Rf6 31. Kg1 Rf4 32. g3 Rf6 33. Nh4 Rxf1+ 34.
Rxf1 Qe6 35. Re1 Na4 36. Ndf3 h6 37. Qf2 Nc5 38. Nd2 Re8 39. Qe2 d5 40. exd5
Qxd5 41. Qg2 Qd6 42. Qe2 Nd3 0-1

[Event "Bundesliga 9798"]
[Site "Deutschland"]
[Date "1998.??.??"]
[Round "?.1"]
[White "Lutz, Christopher"]
[Black "Hracek, Zbynek"]
[Result "1/2-1/2"]
[WhiteElo "2590"]
[BlackElo "2605"]
[PlyCount "123"]
[EventDate "1997.10.??"]
[EventType "team"]
[EventRounds "15"]
[EventCountry "GER"]
[SourceTitle "Bundesliga 9798"]
[Source "DeepChess"]
[SourceDate "2005.01.01"]
[SourceVersion "1"]
[SourceVersionDate "2005.01.01"]
[SourceQuality "1"]
[WhiteTeam "SG Porz e.V."]
[BlackTeam "SAbt SV Werder Bremen"]
[WhiteTeamCountry "GER"]
[BlackTeamCountry "GER"]

1. e4 c5 2. Nf3 d6 3. d4 cxd4 4. Nxd4 Nf6 5. Nc3 Nc6 6. Bg5 e6 7. Qd2 Be7 8.
O-O-O O-O 9. f4 Nxd4 10. Qxd4 Qa5 11. Bc4 Bd7 12. e5 dxe5 13. fxe5 Bc6 14. Bd2
Bc5 15. Qh4 Nd7 16. Rhe1 Qc7 17. Bf4 Rfc8 18. Qg4 b5 19. Bd3 Rab8 20. Kb1 b4
21. Ne4 Bxe4 22. Rxe4 Bf8 23. Re3 g6 24. h4 Nc5 25. Bc4 Rd8 26. Ree1 Rxd1+ 27.
Rxd1 Rd8 28. h5 Rxd1+ 29. Qxd1 Nd7 30. Bb3 Nxe5 31. hxg6 hxg6 32. Qd4 Nc6 33.
Qe4 Qd7 34. c3 bxc3 35. Ba4 Qb7 36. b3 c2+ 37. Qxc2 Nb4 38. Qe2 Qd5 39. Be5 a5
40. Bb5 Bg7 41. Bxg7 Kxg7 42. Bc4 Qc5 43. Qb2+ e5 44. Qd2 f5 45. g4 f4 46. a3
Nc6 47. Qg2 Ne7 48. Ka2 Qc6 49. Qd2 a4 50. g5 Nf5 51. Qd8 Qg2+ 52. Ka1 Qg1+ 53.
Ka2 Qf2+ 54. Kb1 Qg1+ 55. Ka2 axb3+ 56. Bxb3 Qg2+ 57. Ka1 Qg1+ 58. Ka2 Qf2+ 59.
Kb1 Qe1+ 60. Ka2 Qf2+ 61. Kb1 Qf1+ 62. Ka2 1/2-1/2

[Event "Bundesliga 9798"]
[Site "Deutschland"]
[Date "1998.??.??"]
[Round "?.4"]
[White "Babula, Vlastimil"]
[Black "Vaganian, Rafael A"]
[Result "0-1"]
[WhiteElo "2545"]
[BlackElo "2640"]
[PlyCount "120"]
[EventDate "1997.10.??"]
[EventType "team"]
[EventRounds "15"]
[EventCountry "GER"]
[SourceTitle "Bundesliga 9798"]
[Source "DeepChess"]
[SourceDate "2005.01.01"]
[SourceVersion "1"]
[SourceVersionDate "2005.01.01"]
[SourceQuality "1"]
[WhiteTeam "SAbt SV Werder Bremen"]
[BlackTeam "SG Porz e.V."]
[WhiteTeamCountry "GER"]
[BlackTeamCountry "GER"]

1. d4 d5 2. c4 e6 3. Nc3 Be7 4. Nf3 Nf6 5. Bg5 h6 6. Bh4 O-O 7. e3 b6 8. cxd5
Nxd5 9. Bxe7 Qxe7 10. Nxd5 exd5 11. Rc1 Be6 12. Bd3 c5 13. dxc5 bxc5 14. O-O
Nd7 15. e4 d4 16. h3 a5 17. a4 f6 18. Nd2 Ne5 19. Bb5 g5 20. Bc4 Nxc4 21. Nxc4
Rfb8 22. Qd3 Rb4 23. Rc2 Kg7 24. Rfc1 Bxc4 25. Rxc4 Rxc4 26. Qxc4 Rc8 27. Qb5
c4 28. Qxa5 Qxe4 29. Qa7+ Kg6 30. Qd7 Rc6 31. Qd8 d3 32. Qg8+ Kf5 33. Qh7+ Ke5
34. Qe7+ Kd5 35. Qd7+ Rd6 36. Qb7+ Rc6 37. b3 c3 38. Qd7+ Ke5 39. f4+ gxf4 40.
Qe7+ Kd4 41. Qa7+ Rc5 42. b4 Qe3+ 43. Kh2 Qe5 44. bxc5 f3+ 45. Kh1 fxg2+ 46.
Kxg2 Qg5+ 47. Kf3 Qf5+ 48. Kg2 Qe4+ 49. Kf2 Qe2+ 50. Kg3 Qe3+ 51. Kg2 Qg5+ 52.
Kf3 Qd5+ 53. Kg3 d2 54. c6+ Ke4 55. Rg1 c2 56. Kh4 d1=Q 57. Qe7+ Qe5 58. Qh7+
f5 59. Qg8 Qf4+ 60. Rg4 Qdxg4+ 0-1

[Event "Bundesliga 9798"]
[Site "Deutschland"]
[Date "1998.??.??"]
[Round "?.5"]
[White "Nijboer, Friso"]
[Black "Meins, Gerlef"]
[Result "0-1"]
[WhiteElo "2605"]
[BlackElo "2460"]
[PlyCount "130"]
[EventDate "1997.10.??"]
[EventType "team"]
[EventRounds "15"]
[EventCountry "GER"]
[SourceTitle "Bundesliga 9798"]
[Source "DeepChess"]
[SourceDate "2005.01.01"]
[SourceVersion "1"]
[SourceVersionDate "2005.01.01"]
[SourceQuality "1"]
[WhiteTeam "SG Porz e.V."]
[BlackTeam "SAbt SV Werder Bremen"]
[WhiteTeamCountry "GER"]
[BlackTeamCountry "GER"]

1. e4 c5 2. Nf3 Nc6 3. d4 cxd4 4. Nxd4 Nf6 5. Nc3 d6 6. Bg5 e6 7. Qd2 a6 8.
O-O-O h6 9. Bf4 Bd7 10. Nxc6 Bxc6 11. f3 d5 12. Qe1 Bb4 13. a3 Ba5 14. b4 Bb6
15. exd5 Bxd5 16. Be5 O-O 17. Qh4 Be3+ 18. Kb2 Bg5 19. Qd4 Bc6 20. a4 Qxd4 21.
Bxd4 Rfc8 22. Kb3 a5 23. b5 Bd5+ 24. Nxd5 Nxd5 25. c4 Ne3 26. Re1 Nf5 27. Bb6
Bd8 28. Bf2 Bf6 29. Bd3 Nd4+ 30. Bxd4 Bxd4 31. Rd1 Bc5 32. Be4 Rc7 33. f4 g6
34. Rd3 Kf8 35. g4 Re8 36. Rhd1 b6 37. Bc6 Rb8 38. h4 Kg7 39. Rf1 Kf6 40. Be4
Re7 41. Rh1 Ree8 42. Kc2 Rbd8 43. Rf1 Rxd3 44. Bxd3 Rd8 45. Rf3 Rd4 46. Kd2 Ke7
47. g5 h5 48. Ke2 e5 49. fxe5 Rxh4 50. Rf6 Rg4 51. e6 Rxg5 52. Rxf7+ Kxe6 53.
Rc7 Rg3 54. Rc6+ Kf7 55. Rc7+ Kf6 56. Rc6+ Kg7 57. Rc7+ Kh6 58. Rc8 Re3+ 59.
Kd2 Re6 60. Rc6 Bb4+ 61. Kd1 Rxc6 62. bxc6 Bd6 63. Ke2 g5 64. Ke3 g4 65. Ke4
Kg5 0-1

[Event "Bundesliga 9798"]
[Site "Deutschland"]
[Date "1998.??.??"]
[Round "?.7"]
[White "Stangl, Markus"]
[Black "Floegel, Ulrich"]
[Result "1-0"]
[WhiteElo "2530"]
[BlackElo "2365"]
[PlyCount "71"]
[EventDate "1997.10.??"]
[EventType "team"]
[EventRounds "15"]
[EventCountry "GER"]
[SourceTitle "Bundesliga 9798"]
[Source "DeepChess"]
[SourceDate "2005.01.01"]
[SourceVersion "1"]
[SourceVersionDate "2005.01.01"]
[SourceQuality "1"]
[WhiteTeam "SG Porz e.V."]
[BlackTeam "SAbt SV Werder Bremen"]
[WhiteTeamCountry "GER"]
[BlackTeamCountry "GER"]

1. Nf3 Nf6 2. c4 g6 3. d4 Bg7 4. g3 O-O 5. Bg2 d6 6. O-O Nc6 7. Nc3 Bf5 8. Ne1
Qd7 9. e4 Bh3 10. f3 Bxg2 11. Kxg2 a6 12. Be3 Rab8 13. a4 e6 14. Nd3 d5 15. e5
Ne8 16. Nc5 Qd8 17. cxd5 exd5 18. f4 Ne7 19. g4 Qc8 20. Qf3 b6 21. Nd3 c6 22.
f5 f6 23. e6 a5 24. Ne2 Qa6 25. Bf4 Rc8 26. Ng3 Qc4 27. b3 Qxd4 28. Rac1 c5 29.
Rfd1 gxf5 30. gxf5 Kh8 31. h4 Rg8 32. Be3 Qe4 33. Nxe4 dxe4 34. Qxe4 Nd6 35.
Qf3 Ndxf5 36. Kh3 1-0

[Event "Bundesliga 9798"]
[Site "Deutschland"]
[Date "1998.??.??"]
[Round "?.8"]
[White "Forchert, Martin"]
[Black "Vogt, Lothar"]
[Result "0-1"]
[WhiteElo "2340"]
[BlackElo "2515"]
[PlyCount "98"]
[EventDate "1997.10.??"]
[EventType "team"]
[EventRounds "15"]
[EventCountry "GER"]
[SourceTitle "Bundesliga 9798"]
[Source "DeepChess"]
[SourceDate "2005.01.01"]
[SourceVersion "1"]
[SourceVersionDate "2005.01.01"]
[SourceQuality "1"]
[WhiteTeam "SAbt SV Werder Bremen"]
[BlackTeam "SG Porz e.V."]
[WhiteTeamCountry "GER"]
[BlackTeamCountry "GER"]

1. e4 c5 2. Nf3 e6 3. d4 cxd4 4. Nxd4 Nc6 5. Nb5 d6 6. c4 Nf6 7. N1c3 a6 8. Na3
Be7 9. Be2 O-O 10. O-O b6 11. Be3 Bb7 12. Qb3 Nd7 13. Rfd1 Nc5 14. Qc2 Bf6 15.
Rac1 Qe7 16. Nab1 Nb4 17. Qd2 Rfd8 18. Qe1 Rab8 19. a3 Nc6 20. Nd2 Nd4 21. Bf1
Bc6 22. b4 Na4 23. Ndb1 e5 24. Nd5 Bxd5 25. cxd5 b5 26. Nc3 Nb2 27. Rd2 Nc4 28.
Bxc4 bxc4 29. Rb2 Rdc8 30. Rcb1 Qd7 31. h3 Bd8 32. Ne2 Bb6 33. Nc3 Ba7 34. Kh1
Nb5 35. Nxb5 axb5 36. Qc3 Ra8 37. a4 Bxe3 38. Qxe3 Rxa4 39. f4 exf4 40. Qxf4
Re8 41. Rf2 Qe7 42. Rf3 Ra7 43. Re1 Qe5 44. Qc1 Ra2 45. Rf5 Qb2 46. Qg5 Ra1 47.
Rxa1 Qxa1+ 48. Kh2 Qd4 49. Qg3 g6 0-1

[Event "Bundesliga 9798"]
[Site "Deutschland"]
[Date "1998.??.??"]
[Round "?.1"]
[White "Hracek, Zbynek"]
[Black "Schlosser, Philipp"]
[Result "1/2-1/2"]
[WhiteElo "2605"]
[BlackElo "2550"]
[PlyCount "37"]
[EventDate "1997.10.??"]
[EventType "team"]
[EventRounds "15"]
[EventCountry "GER"]
[SourceTitle "Bundesliga 9798"]
[Source "DeepChess"]
[SourceDate "2005.01.01"]
[SourceVersion "1"]
[SourceVersionDate "2005.01.01"]
[SourceQuality "1"]
[WhiteTeam "SAbt SV Werder Bremen"]
[BlackTeam "SK Passau 1869"]
[WhiteTeamCountry "GER"]
[BlackTeamCountry "GER"]

1. e4 c6 2. d4 d5 3. Nd2 dxe4 4. Nxe4 Bf5 5. Ng3 Bg6 6. N1e2 Nf6 7. Nf4 e5 8.
Nxg6 hxg6 9. dxe5 Qa5+ 10. Bd2 Qxe5+ 11. Qe2 Nbd7 12. O-O-O O-O-O 13. Qc4 Nd5
14. Bd3 Nc5 15. Be2 Be7 16. Rde1 Qc7 17. Bf3 Rh4 18. Qe2 Bf6 19. Ne4 1/2-1/2